Normal view
MARC view
- United States
Entry Topical Term
001 - CONTROL NUMBER
- control field: 1850
003 - CONTROL NUMBER IDENTIFIER
- control field: NUST
005 - DATE AND TIME OF LATEST TRANSACTION
- control field: 20170601154834.0
008 - FIXED-LENGTH DATA ELEMENTS
- fixed length control field: 170601|| aca||aabn | a|a d
040 ## - CATALOGING SOURCE
- Original cataloging agency: NUST
- Transcribing agency: NUST
150 ## - HEADING--TOPICAL TERM
- Topical term or geographic name entry element: United States
670 ## - SOURCE DATA FOUND
- Source citation: Work cat.: (NUST)0: Ricks, Thomas E. 1849, Fiasco : the American military adventure in Iraq, 2009
